Т. 4: Гранитный и щелочной магматизм; Магматические формации, метаморфизм, металлогения Урала, Свердловск, 1969

Detalles Bibliográficos
Parent link:Магматические формации, метаморфизм, металлогения Урала, Свердловск, 1969: труды второго Уральского петрографического совещания/ Академия наук СССР (АН СССР), Уральский филиал, Институт геологии и геохимии; под ред. Д. С. Штейнберга. Т. 4: Гранитный и щелочной магматизм.— , 1969
Autor Corporativo: Гранитный и щелочной магматизм труды петрографического совещания
Idioma:ruso
Publicado: 1971
Subjects:
Formato: MixedMaterials Libro
KOHA link:https://koha.lib.tpu.ru/cgi-bin/koha/opac-detail.pl?biblionumber=141896

MARC

LEADER 00000nam2a2200000 4500
001 141896
005 20231031142553.0
035 |a (RuTPU)RU\TPU\book\153794 
090 |a 141896 
100 |a 20080828d1971 k y0rusy50 ca 
101 0 |a rus 
102 |a RU 
105 |a a z 101zy 
200 0 |a Т. 4: Гранитный и щелочной магматизм 
210 |d 1971 
215 |a 442 с.  |c ил. 
320 |a Библиография в конце статей 
461 1 |0 (RuTPU)RU\TPU\book\96238  |t Магматические формации, метаморфизм, металлогения Урала, Свердловск, 1969  |o труды второго Уральского петрографического совещания  |f Академия наук СССР (АН СССР), Уральский филиал, Институт геологии и геохимии; под ред. Д. С. Штейнберга  |v Т. 4: Гранитный и щелочной магматизм  |d 1969 
610 1 |a магматические формации 
610 1 |a метаморфизм 
610 1 |a металлогения 
610 1 |a Урал 
610 1 |a гранитный магматизм 
610 1 |a гранитный магматизм 
610 1 |a щелочной магматизм 
675 |a 552(063)  |v 3 
675 |a 552.33(063)  |v 3 
675 |a 552.32(063)  |v 3 
712 0 2 |a Гранитный и щелочной магматизм  |b труды петрографического совещания  |d 2  |e Свердловск  |f 1969 
801 1 |a RU  |b 63413507  |c 20080828  |g PSBO 
801 2 |a RU  |b 63413507  |c 20090113  |g PSBO 
942 |c BK